LEADER 02026nas 2200589-- 450 001 996297349603316 005 20230321204850.0 035 $a(CKB)954921362493 035 $a(CONSER)---38012994- 035 $a(EXLCZ)99954921362493 100 $a20751101a19349999 --- a 101 0 $aeng 181 $ctxt$2rdacontent 182 $cc$2rdamedia 183 $acr$2rdacarrier 200 00$aVital speeches of the day 210 $aNew York$cThe City News Pub. Co 210 3 $aPhoenix, AZ $cMcMurry 215 $a1 online resource 300 $aEditors: Oct. 8, 1931- T.F. Daly (with F.V. Lindley, Jan. 8, 1935-; G.W. Lahey, Jan. 27, 1936-; Dale Carnegie, Apr. 15, 1937-). 311 08$aPrint version: Vital speeches of the day. 0042-742X (DLC) 38012994 (OCoLC)1769234 531 $aVITAL SPEECHES 531 $aVITAL SPEECHES DAY 531 0 $aVital speeches day 606 $aSpeeches, addresses, etc$vPeriodicals 606 $aDiscours$vPériodiques 606 $aSpeeches, addresses, etc$2fast$3(OCoLC)fst01129318 606 $aSpeeches, addresses, etc$xPeriodicals$2fssh 606 $aEconomische situatie$2gtt 606 $aSpeeches, addresses, etc$vPeriodicals$2nli 606 $aCURRENT EVENTS$2unbist 606 $aPUBLIC OPINION$2unbist 606 $aPUBLIC SPEAKING$2unbist 606 $aUNITED STATES$2unbist 608 $aPeriodicals.$2fast 608 $aPeriodicals.$2lcgft 615 0$aSpeeches, addresses, etc 615 6$aDiscours 615 7$aSpeeches, addresses, etc. 615 7$aSpeeches, addresses, etc.$xPeriodicals 615 17$aEconomische situatie. 615 7$aSpeeches, addresses, etc. 615 17$aCURRENT EVENTS. 615 17$aPUBLIC OPINION. 615 17$aPUBLIC SPEAKING. 615 17$aUNITED STATES. 676 $a808.85 906 $aJOURNAL 912 $a996297349603316 920 $aexl_impl conversion 996 $aVital Speeches of the Day$91320174 997 $aUNISA LEADER 00962nam a22002651i 4500 001 991000573369707536 005 20031230165712.0 008 040220s1968 it |||||||||||||||||ita 035 $ab12638286-39ule_inst 035 $aARCHE-063663$9ExL 040 $aDip.to Scienze pedagogiche$bita$cA.t.i. Arché s.c.r.l. Pandora Sicilia s.r.l. 082 04$a371.36 100 1 $aCipriani, Pietro$0482380 245 13$aIl metodo Decroly /$cPietro Cipriani 260 $aFirenze :$bMarzocco Bemporad,$c1968 300 $a60 p. ;$c19 cm 440 0$aCultura professionale del maestro.$pMetodologia ;$v8 650 4$aDecroly, Ovide 650 4$aDidattica$xMetodi 907 $a.b12638286$b02-04-14$c17-03-04 912 $a991000573369707536 945 $aLE022 MP 75 L 37$g1$i2022000081436$lle022$o-$pE0.00$q-$rl$s- $t0$u2$v0$w2$x0$y.i13141351$z17-03-04 996 $aMetodo Decroly$9274746 997 $aUNISALENTO 998 $ale022$b17-03-04$cm$da $e-$fita$git $h3$i1